| 000 | 00345nam a22001457a 4500 | ||
|---|---|---|---|
| 003 | SGT | ||
| 020 | _a086210274X | ||
| 082 |
_a320 _bU98F |
||
| 100 | _aFALLER, DEDE | ||
| 245 | _aUNITED STATES OF AMERICA: RIGHTS FOR ALL | ||
| 260 |
_bAMMESTY INTERNATIONAL PUBLICATIONS _c1998 |
||
| 300 | _a153 | ||
| 650 | _aPOLITICAL SCIENCE | ||
| 942 |
_2ddc _cBK |
||
| 999 |
_c28148 _d28148 |
||